Capítulo de las conchas (Record no. 4)

MARC details
000 -LEADER
campo de control de longitud fija 00371 a2200133 4500
003 - IDENTIFICADOR DE NÚMERO DE CONTROL
campo de control OSt
005 - FECHA Y HORA DE LA ÚLTIMA TRANSACCIÓN
campo de control 20250725140638.0
008 - DATOS DE LONGITUD FIJA--INFORMACIÓN GENERAL
campo de control de longitud fija 250725b |||||||| |||| 00| 0 eng d
040 ## - FUENTE DE CATALOGACIÓN
Centro/agencia transcriptor Pandora
100 ## - ENTRADA PRINCIPAL--NOMBRE DE PERSONA
Nombre de persona Nettel Suárez, Guadalupe
9 (RLIN) 1
245 ## - MENCIÓN DEL TÍTULO
Título Capítulo de las conchas
773 0# - ASIENTO DE ITEM FUENTE
Número de control del registro 2707
Título El barco de teseo
Encabezamiento principal Nettel Suárez, Guadalupe
Lugar, editor y fecha de publicación Madrid Anagrama 2023
942 ## - ELEMENTOS DE ENTRADA SECUNDARIOS (KOHA)
Fuente de la clasificación o esquema de estantería Clasificación Decimal Dewey
Tipo de ítem Koha Monografías
Suprimir en OPAC No

No items available.